000 01728cam a22004694i 4500
003 PE-LiUPU
005 20250731173257.0
008 150616s1986 pe a rb 000 0 spa d
020 _a9586250024
035 _a(Sirsi) i9789586250023
040 _aPE-LiUPU
_bspa
_cPE-LiUPU
_dPE-LiUPU
_erda
049 _aPRUA
082 0 4 _a261.834
_bC42
_221
110 2 _aConsejo Episcopal Latinoamericano (CELAM)
245 1 0 _aComunicación misión y desafío :
_bmanual pastoral de comunicación social /
_cConsejo Episcopal Latinoamericano.
264 1 _aLima :
_bDepartamento de Comunicación Social - Decos ,
_c1986.
300 _a321 páginas :
_bilustraciones ;
_c21 centímetros
336 _atext
_2rdacontent
337 _aunmediated
_2rdamedia
338 _avolume
_2rdacarrier
504 _aIncluye bibliografía.
505 0 _aEl fenómeno de la comunicación social -- Elementos para una reflexión a la luz de la fe -- Perspectivas pastorales de acción comunicadora.
526 _aSEG42
526 _aSEG41
526 _aSEG40
526 _aSEG39
526 _aP94
526 _aP87
526 _aP86
526 _aP85
526 _aP77
526 _aP76
526 _aP35
650 0 4 _aComunicación social.
910 _ajck
_bjvq
_cjck
942 _2ddc
_cBOOK
949 _a261.834 C42
_wDEWEY
_c1
_i27714
_lCCODEBUL1
_mBUL
_r0
_sY
_tBOOK
_u2015-4-23
_xTEOLOGIA
_zUNKNOWN
_0COMPRA
_o.STAFF. Colección General
994 _aC0
_bPEPRU
596 _a1
999 _a261.834 C42
_wDEWEY
_c43815
_i27714
_f2021-11-12
_g5
_lCCODEBUL1
_mBUL
_p30.00
_r0
_sY
_tBOOK
_u2015-4-23
_xTEOLOGIA
_PP35
_0COMPRA
_o.STAFF. Colección Teología
_d43815
980 _81
_gALBERTO SANCHEZ Responsable de Automatización